Normal view
MARC view
- Criminal justice, Administration of
Entry Topical Term
001 - CONTROL NUMBER
- control field: 91472
003 - CONTROL NUMBER IDENTIFIER
- control field: NUST
005 - DATE AND TIME OF LATEST TRANSACTION
- control field: 20220510161214.0
008 - FIXED-LENGTH DATA ELEMENTS
- fixed length control field: 220510|| aca||aabn | a|a d
040 ## - CATALOGING SOURCE
- Original cataloging agency: NUST
- Transcribing agency: NUST
150 ## - HEADING--TOPICAL TERM
- Topical term or geographic name entry element: Criminal justice, Administration of
- Geographic subdivision: Oklahoma
670 ## - SOURCE DATA FOUND
- Source citation: Work cat.: (NUST)0: Fuhrman, Mark. 91471, Death and justice :, c2003.
